000 00310nam a2200157Ia 4500
100 _aStellman/Andrew
650 _aC#
942 _cBK
366 _f25
245 _aHead first C#
260 _bO reilly
_c2010
082 _a005.133C#
_bSTE
300 _a797
546 _aENGLISH
_cComputers
999 _c29910
_d29910